000 00470nam a2200169Ia 4500
008 220803s9999 xx 000 0 und d
020 _a9781610915465
041 _aeng
082 _a721.0284
100 _aLarco N
_926422
245 _aSite Design For Multifamily Housing : Creating Livable Connected Neighborhoods.
260 _aWashington
_bIsland Press
_c2014
300 _a156p
500 _a35
650 _aStandards
_926423
700 _aKelsey K West A
_926424
999 _c16917
_d16917